00895nab a2200265uuc450000100070000000500170000700800410002403500110006503500210007604000130009704100080011010000360011824500630015465000350021765000250025265000230027765000340030065000330033465000390036770000440040670000470045077301030049794200100060099900190061097461120260324100329.0060512e20060201 spa  a974611 a(OCoLC)820349685 ccomduadb aspa10aBello Gil, D.4auteaut941819914aLos polilactatos y los materiales plasticos biodegradables 7aÁcido láctico2lemb928297 aAplicación9109541 aObtención924907 aÁcido poliláctico9131494 7aBiopolímeros2lemb9176218 aPlásticos biodegradables915352710aMichelena Alvarez, G.4auteaut941820010aRendueles de la Vega, G.4auteaut94182010 tIngeniería Química (Madrid)gVol. 38, No. 432, Feb. 2006, p. 176-184w102048x0210-2064089813 cARIMP c384960d384960